ਝੀਲ ਦੇ ਮੋਤੀ / (Record no. 54751)

MARC details
000 -LEADER
fixed length control field 00938nam a22002537a 4500
005 - DATE AND TIME OF LATEST TRANSACTION
control field 20110802103824.0
008 - FIXED-LENGTH DATA ELEMENTS--GENERAL INFORMATION
fixed length control field 090728t xxu||||| |||| 00| 0 pun d
010 ## - LCCN (DPL NO)
LC control number PUN-6891
020 ## - INTERNATIONAL STANDARD BOOK NUMBER
Terms of availability 125.00
International Standard Book Number 9788182992108
035 ## - SYSTEM CONTROL NUMBER
System control number PN-6009
037 ## - SOURCE OF ACQUISITION
Source of stock number/acquisition DBAD / PUB
040 ## - CATALOGING SOURCE
Original cataloging agency dpl
Language of cataloging pn
082 ## - DEWEY DECIMAL CLASSIFICATION NUMBER
Classification number
100 ## - MAIN ENTRY--PERSONAL NAME
9 (RLIN) 24414
Personal name ਕੰਵਲ, ਜਸਵੰਤ ਸਿੰਘ
245 ## - TITLE STATEMENT
Title ਝੀਲ ਦੇ ਮੋਤੀ /
Statement of responsibility, etc ਜਸਵੰਤ ਸਿੰਘ ਕੰਵਲ
246 ## - VARYING FORM OF TITLE
Title proper/short title Jheel de moti
Remainder of title by Jaswant Singh Kanwal
260 ## - PUBLICATION, DISTRIBUTION, ETC. (IMPRINT)
Place of publication, distribution, etc Delhi
Name of publisher, distributor, etc Arsee Publishers
Date of publication, distribution, etc 2011
270 ## - ADDRESS
Address 51, Parda bagh, Darya ganj,
City New Delhi-
Postal code 110002
Telephone number 011-23280657
300 4# - PHYSICAL DESCRIPTION
Extent 72 ਸਫੇ
Dimensions 22ਸੇਮੀ (ਸਜਿਲੱਦ)
650 ## - SUBJECT ADDED ENTRY--TOPICAL TERM
9 (RLIN) 24412
650 ## - SUBJECT ADDED ENTRY--TOPICAL TERM
9 (RLIN) 24431
942 ## - ADDED ENTRY ELEMENTS (KOHA)
Source of classification or shelving scheme Dewey Decimal Classification
Item type Punjabi Bks
Classification part
Call number suffix ਕੰਵਲ
Holdings
Withdrawn status Lost status Source of classification or shelving scheme Damaged status Not for loan Collection code Home library Current library Date acquired Source of acquisition Cost, normal purchase price Total Checkouts Full call number Barcode Date last seen Copy number Cost, replacement price Koha item type
    Dewey Decimal Classification   Not For Loan Fiction D.B.Act.Division D.B.Act.Division 03/08/2011 DBAD/PUB 125.00   ਓ ਕੰਵਲ PN-6009 03/08/2011 1 125.00 Punjabi Bks

© Delhi Public Library
Hit Counter
free hit counter